01143 a2200193 45000010006000000050017000060080041000230030015000640400040000790800117001192450113002360200022003492640084003713000019004555050264004740410008007381000062007468560141008083201920260407155621.0260407a2010 arg spa dAR-UNSa-BCEJYS aAR-UNSa-BCEJYSbspacAR-UNSa-BCEJYS a316.42xCambio social en sociedades globales. Desarrollo social. Sociología del desarrollo (Desarrollo Humano)10aInforme nacional sobre desarrollo humano 2010pDesarrollo humano en Argentina: trayectos y nuevos desafíos a978-987-1560-18-9 1aBuenos Aires :bPrograma de las Naciones Unidas para el Desarrollo (PNUD)c2010 a179 p.c30 cm. a1. El desarrollo humano en Argentina (1970-2010): una mirada más allá de la coyuntura - 2. El crecimiento económico en el largo plazo - 3. La salud en el largo plazo - 4. La educación en el largo plazo - 5. Hacia una nueva agenda del desarrollo humano aspa1 aPrograma de las Naciones Unidas para el Desarrollo (PNUD)41uhttps://biblioeco.unsa.edu.ar/pmb/images/libros/Informe nacional sobre desarrollo humano 2010-l125140.jpgyImagen de portadaqimage/jpeg